000 01577nam a2200433 c 4500
001 7156
003 ES-MaCES
005 20250211131304.0
008 980703s1998 sp ||| | spa d
017 _aM-17186-1998
_bDL
020 _a8481553557
035 _aCES19980072289m
040 _aES-MaCES
_bspa
_cES-MaCES
111 2 _aJornadas sobre fiscalidad de fundaciones y de incentivos fiscales
_cMadrid
_9333
245 1 4 _aLas fundaciones
_b: su fiscalidad e incentivos al mecenazgo
_c[Jornadas sobre fiscalidad de fundaciones y de incentivos fiscales] ; Ignacio Olmos Vicente, director
260 _aMadrid
_bFundación Universitaria San Pablo-CEU
_c1998
_bDykinson
300 _a697 p.
_c20 cm
500 _aIncluye (p. 333-630): Apéndice I. Legislación sustantiva y fiscal
500 _aDir. de E-mail: dykinson@tsai.es
541 _cCompra
650 4 _afundaciones
_930815
650 4 _aorganización sin fines de lucro
_927312
650 4 _aadministración fiscal
_927209
650 4 _asistema tributario
_928092
650 4 _adeducción tributaria
_928088
650 4 _aimpuesto sobre sociedades
_928081
650 4 _adonación
_926650
650 4 _aEspaña
_926964
650 4 _alegislación
_927153
650 4 _aconferencia
_927013
653 1 0 _aFiscalidad
650 4 _926745
_acontabilidad
650 4 _927308
_aasociación
700 1 _aOlmos Vicente, Ignacio
_edir.
_919951
710 2 _aFundación Universitaria San Pablo CEU
_eed.
_93923
902 _aLIB Libro
942 _2CES
_cBK
_h0.1.
999 _c7156
_d7156